| 000 | 00661nam a2200217Ii 4500 | ||
|---|---|---|---|
| 003 | JO-AjNU | ||
| 008 | 230606s9999||||xx |||||||||||||| ||und|| | ||
| 020 | _a0-13-571746-9 | ||
| 040 |
_aJO-AjNU _beng _erda _cJO-AjNU |
||
| 041 | _aeng | ||
| 050 | 1 | 4 | _aHF5635 .A882 1997 |
| 100 | 3 |
_aAtrill,Peter/ Mclaney,Eddie, _eauthor _93357 |
|
| 245 | 0 | 0 | _aAccounting and Finance for Non- specialists |
| 250 | _a2 ed | ||
| 264 | 3 | 1 | _aNew York : Prentice Hall,1997 |
| 300 |
_a407p _b Includes indexes(pages403-407) |
||
| 336 |
_atext _btxt _2rdacontent |
||
| 337 |
_aunmediated _bn _2rdamedia |
||
| 338 |
_avolume _bnc _2rdacarrier |
||
| 650 | 4 |
_aAccounting-Finance _93358 |
|
| 999 |
_aE1754 _c1754 _d1754 |
||